书目信息 |
| 题名: |
物流学概论
|
|
| 作者: | 崔介何 编著 | |
| 分册: | ||
| 出版信息: | 北京 北京大学出版社 2024.01 |
|
| 页数: | 438页 | |
| 开本: | 20cm | |
| 丛书名: | 21世纪经济与管理规划教材·物流管理系列 | |
| 单 册: | ||
| 中图分类: | F252-43 | |
| 科图分类: | ||
| 主题词: | 物资经济 | |
| 电子资源: | ||
| ISBN: | 978-7-301-34598-6 | |
| 000 | 01125nam0 2200265 450 | |
| 001 | 2535481526 | |
| 005 | 20250407095356.12 | |
| 010 | @a978-7-301-34598-6@dCNY79.00 | |
| 100 | @a20250407d2024 km y0chiy0120 ea | |
| 101 | 0 | @achi |
| 102 | @aCN@b110000 | |
| 200 | 1 | @a物流学概论@AWu Liu Xue Gai Lun@f崔介何编著@FCui Jie He Bian Zhu |
| 205 | @a6版 | |
| 210 | @a北京@c北京大学出版社@d2024.01 | |
| 215 | @a438页@d20cm | |
| 225 | 2 | @a21世纪经济与管理规划教材·物流管理系列 |
| 300 | @a十二五 " 普通高等教育本科国家级规划教材 | |
| 330 | @a 作为物流专业课程体系中的首门专业课, “物沇学概论 ” 承担着为后续专业课程的推进打好基础的任务。 本书坚持新时代高校教育教学改革精神, 突出新技术、新产业、新业态、新模式, 不仅全面系统地介绍物流理论和知识, 不断完善物流学的基本框架和学科建设, 而且凸显中国物流产业的特色, 力求做到对我国物流业未来的发展进行前瞻性的探讨。 | |
| 410 | 0 | @12001 @a21世纪经济与管理规划教材·物流管理系列 |
| 510 | 1 | @a= Introduction to logistics |
| 606 | 0 | @a物资经济 |
| 690 | @aF252-43@v4 | |
| 701 | 0 | @a崔介何@ACui Jie He@4编著 |
| 801 | 0 | @aCN@b河南城建学院图书馆@c20250407 |
| 905 | @dF252-43@eC969=6 | |
| 物流学概论/崔介何编著.-6版.-北京:北京大学出版社,2024.01 |
| 438页;20cm.-(21世纪经济与管理规划教材·物流管理系列) |
| 十二五 " 普通高等教育本科国家级规划教材 |
| ISBN 978-7-301-34598-6:CNY79.00 |
| 作为物流专业课程体系中的首门专业课, “物沇学概论 ” 承担着为后续专业课程的推进打好基础的任务。 本书坚持新时代高校教育教学改革精神, 突出新技术、新产业、新业态、新模式, 不仅全面系统地介绍物流理论和知识, 不断完善物流学的基本框架和学科建设, 而且凸显中国物流产业的特色, 力求做到对我国物流业未来的发展进行前瞻性的探讨。 |
| ● |
| 相关链接 |
|
|
|
正题名:物流学概论
索取号:F252-43/C969=6
 
预约/预借
| 序号 | 登录号 | 条形码 | 馆藏地/架位号 | 状态 | 备注 |
| 1 | 1554874 | 215548744 | 社科库409/409社科库 99排1列1层/ [索取号:F252-43/C969=6] | 在馆 |